000 01467nam0a2200301 4500
001 RU\NLR\bibl\1749965
005 20260405234018.0
010 _a978-5-93252-177-9
_951
021 _aRU
_b2011-15907
_91122
035 _a(NLR Aleph) 001740829
090 _a1458263
_c1458263
100 _a20110323d2010 |||y0rusy50 ca
101 0 _arus
102 _aRU
105 _aa |||||||||
200 1 _aТехнология швейных изделий
_eподготовительно-раскройное производство
_eучебное пособие
_fН.И. Ковалева
_gМ-во образования и науки Рос. Федерации, Омский гос. ин-т сервиса, Каф. Сервиса и технологий изделий легкой пром-сти
210 _aОмск
_cОГИС
_d2010
215 _a95 с.
_cил.
_d21
320 _aБиблиогр.: с. 57-58 (14 назв.)
606 1 _aТкани
_jУчебные издания для высших учебных заведений
_xРаскрой
_xПодготовительные процессы
_92165484
_3RU\NLR\auth\661302983
686 _aМ402.1я73-1
700 1 _4070
_8rus
_7ca
_aКовалева
_bН. И.
_cканд. техн. наук
_gНаталья Ивановна
_3RU\NLR\auth\77107693
_990618
801 0 _aRU
_bNLR
_c20110323
_gRCR
801 1 _aRU
_bNLR
_c20110323
830 _aавт. по кн.
942 _cBOOK
980 _aNB